[Event "Vidnoe-ch 32nd sf"]
[Site "Vidnoe"]
[Date "2010.09.12"]
[Round "10"]
[White "Arakeljan, Alexandr"]
[Black "Farrakhov, Fajdulgayan"]
[Result "1/2-1/2"]
[WhiteElo "2229"]
[BlackElo "1996"]
[PlyCount "94"]
[EventDate "2010.09.12"]
[EventType "swiss"]
[EventRounds "10"]
[EventCountry "RUS"]
[SourceTitle "EXT 2022"]
[Source "ChessBase"]
[SourceDate "2021.10.06"]
[SourceVersion "1"]
[SourceVersionDate "2021.10.06"]
[SourceQuality "1"]

1. d4 d5 2. c4 dxc4 3. a4 Nf6 4. Nc3 e6 5. e4 c5 6. d5 exd5 7. exd5 Bd6 8. Bxc4 0-0 9. Nge2 Bg4 10. f3 Bf5 11. Bg5 Nbd7 12. 0-0 a6 13. Ng3 Bg6 14. Nge4 Qc7 15. Nxd6 Qxd6 16. f4 Bf5 17. Be2 h6 18. Bh4 Rfe8 19. g4 Be4 20. Bg3 Nxd5 21. Nxe4 Rxe4 22. Bf3 Rd4 23. Qb3 Nxf4 24. Rad1 g5 25. Kh1 Ne5 26. Bxf4 gxf4 27. Rxd4 cxd4 28. Bd5 Rd8 29. Bxb7 Rb8 30. Rc1 Kg7 31. Re1 Qc7 32. Qd5 Qxb7 33. Rxe5 Qxd5+ 34. Rxd5 Rxb2 35. Rxd4 f3 36. Kg1 Rg2+ 37. Kf1 Rxh2 38. Rd6 Rg2 39. Rxa6 Rxg4 40. Kf2 Rf4 41. a5 h5 42. Rb6 Ra4 43. Rb5 Kg6 44. Kxf3 Rc4 45. Rb7 f5 46. Kg3 Kg5 47. Kf3 h4 1/2-1/2

[Event "Vidnoe-ch 32nd sf"]
[Site "Vidnoe"]
[Date "2010.09.12"]
[Round "3"]
[White "Farrakhov, Fajdulgayan"]
[Black "Abramenko, Georgy"]
[Result "1/2-1/2"]
[WhiteElo "1996"]
[BlackElo "2134"]
[PlyCount "52"]
[EventDate "2010.09.12"]
[EventType "swiss"]
[EventRounds "10"]
[EventCountry "RUS"]
[SourceTitle "EXT 2022"]
[Source "ChessBase"]
[SourceDate "2021.10.06"]
[SourceVersion "1"]
[SourceVersionDate "2021.10.06"]
[SourceQuality "1"]

1. d4 d5 2. c4 e6 3. e3 Nf6 4. Nf3 Be7 5. Bd3 dxc4 6. Bxc4 0-0 7. 0-0 c6 8. Nbd2 Nbd7 9. b3 b6 10. Bb2 Bb7 11. Qc2 Rc8 12. Ne4 Nxe4 13. Qxe4 Nf6 14. Qc2 h6 15. Rad1 Qc7 16. Ne5 c5 17. Qe2 cxd4 18. exd4 Nd5 19. Qg4 Nf6 20. Qg3 Bd6 21. Rfe1 Ne4 22. Qg4 Nf6 23. Qh3 Rfd8 24. f4 Nd5 25. Bc1 Ne7 26. Bf1 Nf5 1/2-1/2

[Event "Vidnoe-ch 32nd sf"]
[Site "Vidnoe"]
[Date "2010.09.12"]
[Round "7"]
[White "Shorokhov, Evgenij"]
[Black "Farrakhov, Fajdulgayan"]
[Result "1-0"]
[WhiteElo "2128"]
[BlackElo "1996"]
[PlyCount "21"]
[EventDate "2010.09.12"]
[EventType "swiss"]
[EventRounds "10"]
[EventCountry "RUS"]
[SourceTitle "EXT 2022"]
[Source "ChessBase"]
[SourceDate "2021.10.06"]
[SourceVersion "1"]
[SourceVersionDate "2021.10.06"]
[SourceQuality "1"]

1. e4 e5 2. Bc4 Nf6 3. d4 exd4 4. Nf3 Nc6 5. 0-0 Bc5 6. e5 d5 7. exf6 dxc4 8. Re1+ Be6 9. Ng5 Qxf6 10. Nxe6 fxe6 11. Qh5+ 1-0